000 00334pab a2200145 454500
008 180718b1989 xxu||||| |||| 00| 0 eng d
100 _aBhatt, S.C.
245 _aIndustrial development in four decades
260 _c1989
300 _a253-7
362 _aSept.
650 _aIndustry
773 _aKhadi Gramodyog
909 _a10870
999 _c10870
_d10870